|
|
|
|
| LEADER |
01056nam a2200277 a 4500 |
| 001 |
GR-Patra10995 |
| 008 |
991022s xxk 000 b eng d |
| 020 |
|
|
|a 0750600241
|
| 040 |
|
|
|a GrPaTEI
|b gre
|c GR-PaULI
|
| 245 |
0 |
0 |
|a Front office :
|b procedures social skills and management.
|
| 260 |
|
|
|a Oxford :
|b Butterworth-Heinemann,
|c c1991
|
| 300 |
|
|
|a 264σ. :
|b πίν.
|
| 650 |
|
0 |
|a HOTELS
|
| 650 |
|
0 |
|a Management
|
| 650 |
|
0 |
|a RECEPTION
|
| 650 |
|
4 |
|a ΔΙΟΙΚΗΣΗ ΚΑΙ ΟΡΓΑΝΩΣΗ
|
| 650 |
|
4 |
|a ΔΙΟΙΚΗΣΗ ΚΑΙ ΟΡΓΑΝΩΣΗ
|
| 650 |
|
4 |
|a ΞΕΝΟΔΟΧΕΙΑ
|
| 650 |
|
4 |
|a Ξενοδοχεία
|x Διοίκηση και οργάνωση
|
| 650 |
|
4 |
|a ΥΠΗΡΕΣΙΑ ΥΠΟΔΟΧΗΣ
|
| 700 |
1 |
|
|a Abbott, Peter,
|d 1933-
|
| 700 |
1 |
|
|a Lewry, Sue
|
| 942 |
|
|
|2 ddc
|
| 952 |
|
|
|0 0
|1 0
|2 ddc
|4 0
|6 647_940680000000000_ABB
|7 0
|9 291637
|a LISK
|b LISK
|c BSC
|d 2021-01-17
|e 24
|f 0
|g 0.00
|l 0
|o 647.94068 ABB
|p 92410013969
|r 2021-01-17 00:00:00
|t 1
|w 2021-01-17
|y BK15
|x 19991024 0 1
|x GrPaTEI
|
| 971 |
|
|
|a .b26585108
|b 15-04-20
|c 23-09-16
|
| 999 |
|
|
|c 170319
|d 170319
|